Atlantic Ocean - World Map Sudden Death - Statistics

General Stats
  • This quiz has been taken 123 times
  • The average score is 14 of 17
Answers on the Grid
Answers color-coded by a green-red scale on the quiz's grid according to % correct below.
 
Answer Stats
Answer % Correct
94%
94%
93%
93%
90%
90%
90%
89%
89%
89%
85%
85%
83%
76%
75%
73%
41%
No matching quizzes found
Score Distribution
Percent of People with Each Score
Percentile by Number Answered
Your Score History
You have not taken this quiz